000 00996cam a2200289 i 4500
999 _c3616
_d3616
003 CaAEU
005 20220127091114.0
008 821015t19801979enka 1 1 0 eng d
020 _a0333270142
040 _cALUPE UNIVERSITY COLLEGE
049 _aQMU
050 4 _aRS 122
_b.U84 1980
060 0 _aQV 20.5 U85 1980
090 0 0 _aRS 122 U84 1980
_bAEU
245 0 4 _aThe Use of alternatives in drug research /
_cedited by Andrew N. Rowan, Carl J. Stratmann.
260 _aLondon :
_bMacmillan,
_c1980, c1979.
300 _axii, 190 p. :
_bill. ;
_c23 cm.
336 _atext
_btxt
_2rdacontent
337 _aunmediated
_bn
_2rdamedia
338 _avolume
_bnc
_2rdacarrier
500 _aBased on a Symposium organised by the Fund for the Replacement of Animals in Medical Experiments.
650 0 _aDrugs
_xResearch
_vCongresses.
700 1 _aRowan, Andrew N.
700 1 _aStratmann, Carl J.
710 2 _aFund for the Replacement of Animals in Medical Experiments.
942 _2ddc
_cBK
_nPW